000
00346nam a2200145Ia 4500
003
OSt
005
20240208152911.0
008
170524s9999 xx 000 0 und d
020
_a
8180544583
040
_c
iimtu meerut
100
_a
TRIPATHI- P.C.
245
0
_a
HUMAN RESOURCE DEVELOPMENT
260
_b
new delhi : Sultan chand
942
_2
ddc
_c
02
999
_c
8361
_d
8361